|
|
|
|
| LEADER |
00925nab a2200241 i 4500 |
| 001 |
publ19785 |
| 005 |
20201021110131.0 |
| 008 |
201021s2019 hu o 0|| zxx d |
| 022 |
|
|
|a 0001-6659
|
| 024 |
7 |
|
|a 10.33892/aph.2019.89.126-132
|2 doi
|
| 024 |
7 |
|
|a 31617081
|2 mtmt
|
| 040 |
|
|
|a SZTE Publicatio Repozitórium
|b hun
|
| 041 |
|
|
|a zxx
|
| 100 |
1 |
|
|a Pallagi Edina
|
| 245 |
1 |
0 |
|a Patient adherence and factors influencing quality of life in the case of osteoarthritic patients
|h [elektronikus dokumentum] /
|c Pallagi Edina
|
| 260 |
|
|
|c 2019
|
| 300 |
|
|
|a 126-132
|
| 490 |
0 |
|
|a ACTA PHARMACEUTICA HUNGARICA
|v 89 No. 4
|
| 695 |
|
|
|a DOI pdf verzióján az első szerző nem szerepel (csonkap5 2020.10.14)
|
| 700 |
0 |
1 |
|a Fekete Helga
|e aut
|
| 700 |
0 |
1 |
|a Fekete Róbert
|e aut
|
| 700 |
0 |
2 |
|a Pannonhalminé Csóka Ildikó
|e aut
|
| 856 |
4 |
0 |
|u http://publicatio.bibl.u-szeged.hu/19785/1/Fekete-ActaPharm-622-1-10-20200307.pdf
|z Dokumentum-elérés
|